Normal view
MARC view
- India -- History -- 1746-1849
Entry Topical Term
001 - CONTROL NUMBER
- control field: 49779
003 - CONTROL NUMBER IDENTIFIER
- control field: NUST
005 - DATE AND TIME OF LATEST TRANSACTION
- control field: 20210314134435.0
008 - FIXED-LENGTH DATA ELEMENTS
- fixed length control field: 210314|| aca||aabn | a|a d
040 ## - CATALOGING SOURCE
- Original cataloging agency: NUST
- Transcribing agency: NUST
150 ## - HEADING--TOPICAL TERM
- Topical term or geographic name entry element: India -- History -- 1746-1849
670 ## - SOURCE DATA FOUND
- Source citation: Work cat.: (NUST): Malleson, G. B. 49777, The Decisive battles of India, 1914
